Wrestlers - Sudden Death - Statistics

General Stats
  • This quiz has been taken 131 times
  • The average score is 7 of 15
Answers on the Grid
Answers color-coded by a green-red scale on the quiz's grid according to % correct below.
John Cena
The Stone
Kenny Omega
Chris Jericho
Triple C
Mankind
Maffew
Mr T
Andre the Giant
Yokozuna
Yakuza
Asuka
Becky Lynch
Big Haystacks
Kurt Angle
Mad Kurt
Mufasa
Spatula
Hornswoggle
Irish Whip
Cultaholic
Joe Hendry
Darby Allin
GeeGee Allin
Bob Dylan
The Mix
RTruth
Roman Reigns
Walter White
Mickey Rourke
 
Answer Stats
Answer % Correct
John Cena
94%
Chris Jericho
67%
Mankind
67%
Andre the Giant
61%
Yokozuna
56%
Kenny Omega
50%
Asuka
44%
Becky Lynch
44%
Joe Hendry
44%
Kurt Angle
44%
Roman Reigns
44%
RTruth
44%
Hornswoggle
33%
Darby Allin
28%
Mad Kurt
6%
No matching quizzes found
Score Distribution
Percent of People with Each Score
Percentile by Number Answered
Your Score History
You have not taken this quiz